000 00462nam a2200169Ia 4500
008 230718s9999 xx 000 0 und d
041 _aeng
082 _a621.106
_bROB
100 _aRoberson J.A.
245 _aEngineering Fluid Mechanics
250 _a4th ed.
260 _c1999
_bJaico Publishing House
300 _a747
365 _cRs.
_b495.00
700 _aRoberson J.A. & Crowe C.T.
_9186630
906 _dO:0035227-Oct-2009B:47822-Sep-2009
_cMECH
_b99
999 _c322982
_d322982